00513nam a2200157Ia 450000500170000000800410001708200130005810000190007124500280009026000420011830000120016050000650017294200060023795200970024399900150034020250528034939.0240331s9999 xx 000 0 und d bDESa303 aDe Silva, K.V. 0aYuddhaya epa samaya one aDehiwalabSarana printing pressc1987 a56 p ., aissues of ethnic and caste discrimination and national unity cL 001040708LaWERCLbWERCLcSSCd2024-03-31l0o 303.6 DESp1548r2024-03-31w2024-03-31yL c1334d1334